[Event "Bad Wörishofen op 2012 28th"]
[Site "Bad Wörishofen (2.3.-10.3)"]
[Date "2012.03.04"]
[Round "3.21"]
[White "Stull, Norbert"]
[Black "Calzetta Ruiz, Monica"]
[Result "0-1"]
[WhiteElo "1912"]
[BlackElo "2294"]
[PlyCount "72"]
[EventDate "2012.03.??"]
[EventType "swiss"]
[EventRounds "9"]
[EventCountry "GER"]
[SourceDate "2013.02.18"]
[WhiteTeam "FRA/Frankreich Differdange"]
[BlackTeam "Kiel Doppelbauer SK"]
[WhiteTeamCountry "FRA"]

1. Nf3 Nf6 2. c4 g6 3. Nc3 Bg7 4. e4 d6 5. d4 O-O 6. Be2 e5 7. O-O Nc6 8. d5
Ne7 9. Ne1 Ne8 10. Be3 f5 11. f3 f4 12. Bf2 g5 13. Nd3 h5 14. c5 Ng6 15. cxd6
cxd6 16. Rc1 Rf7 17. Kh1 Nf6 18. Nb5 a6 19. Na3 b5 20. Nb4 g4 21. Nc6 Qf8 22.
Nb1 g3 23. Bb6 Bd7 24. a4 bxa4 25. Nc3 Nh4 26. Re1 Bh8 27. Bf1 Rg7 28. Nxa4 Ng4
29. fxg4 Bxg4 30. Qd2 Kh7 31. hxg3 f3 32. Be3 fxg2+ 33. Bxg2 Bf3 34. Bh6 Bxg2+
35. Qxg2 Nxg2 36. Bxg7 Qf3 0-1

[Event "Bad Wörishofen op 2012 28th"]
[Site "Bad Wörishofen (2.3.-10.3)"]
[Date "2012.03.04"]
[Round "3.24"]
[White "Diotallevi, Maurizio"]
[Black "Guttenthaler, Franz"]
[Result "0-1"]
[WhiteElo "1999"]
[BlackElo "2153"]
[PlyCount "74"]
[EventDate "2012.03.??"]
[EventType "swiss"]
[EventRounds "9"]
[EventCountry "GER"]
[SourceDate "2013.02.18"]
[WhiteTeam "ITA/Italien"]
[BlackTeam "Germering SK"]
[WhiteTeamCountry "ITA"]

1. d4 Nf6 2. Nf3 e6 3. Bf4 c5 4. e3 Qb6 5. Qc1 Nc6 6. c3 d5 7. Nbd2 Nh5 8. Bg3
Bd7 9. Qc2 Rc8 10. Qb3 Nxg3 11. hxg3 Qc7 12. Qd1 g6 13. Bd3 e5 14. Nxe5 Nxe5
15. dxe5 Qxe5 16. Nf3 Qe7 17. Kf1 Bg7 18. Qd2 O-O 19. Rd1 Bc6 20. Kg1 b5 21. a3
Qd6 22. Rh4 Rfe8 23. Rf4 Qe7 24. Rh4 Bf6 25. Rh1 Rcd8 26. Kh2 Bg7 27. Kg1 a5
28. Rh4 Rd6 29. Rh1 Qb7 30. Nh2 b4 31. axb4 axb4 32. cxb4 c4 33. Be2 Rb8 34.
Nf3 Qxb4 35. Nd4 Bxd4 36. Qxd4 Qxb2 37. Qxb2 Rxb2 0-1

[Event "Bad Wörishofen op 2012 28th"]
[Site "Bad Wörishofen (2.3.-10.3)"]
[Date "2012.03.04"]
[Round "3.25"]
[White "Kerber, Alfred"]
[Black "Mader, Manuela"]
[Result "0-1"]
[WhiteElo "1865"]
[BlackElo "2156"]
[PlyCount "72"]
[EventDate "2012.03.??"]
[EventType "swiss"]
[EventRounds "9"]
[EventCountry "GER"]
[SourceDate "2013.02.18"]
[WhiteTeam "AUT/Reutte SK"]
[BlackTeam "Ettlingen SK"]
[WhiteTeamCountry "AUT"]

1. e4 d5 2. exd5 Qxd5 3. Nc3 Qd6 4. d4 Nf6 5. Nf3 a6 6. Bc4 b5 7. Bxf7+ Kxf7 8.
Ne5+ Ke8 9. Qf3 Ra7 10. Be3 Bb7 11. Qh3 Nbd7 12. O-O Ra8 13. Ng6 hxg6 14. Qxh8
Nb6 15. Qh4 Nbd5 16. Qg5 Kf7 17. Ne2 e6 18. Rac1 Qc6 19. b3 b4 20. f3 Nh7 21.
Qh4 Nxe3 22. Qxh7 Nxf1 23. Nf4 Nd2 24. Nxg6 Qd5 25. Ne5+ Ke8 26. Qg6+ Kd8 27.
Qg5+ Kc8 28. Qxd2 c5 29. c3 Kb8 30. Nc4 bxc3 31. Qf4+ Ka7 32. dxc5 Bxc5+ 33.
Kh1 Rf8 34. Qc7 Rxf3 35. Na5 Rf1+ 36. Rxf1 Qxg2# 0-1

[Event "Bad Wörishofen op 2012 28th"]
[Site "Bad Wörishofen (2.3.-10.3)"]
[Date "2012.03.04"]
[Round "3.26"]
[White "Straub, Hermann"]
[Black "Roth, Martin(66)"]
[Result "0-1"]
[WhiteElo "1916"]
[BlackElo "2070"]
[PlyCount "102"]
[EventDate "2012.03.??"]
[EventType "swiss"]
[EventRounds "9"]
[EventCountry "GER"]
[SourceDate "2013.02.18"]
[WhiteTeam "Frankenthal(Pfalz) SK"]
[BlackTeam "Laupheim SC"]

1. b3 Nf6 2. Bb2 g6 3. e3 Bg7 4. f4 d5 5. Nf3 O-O 6. Be2 Bg4 7. O-O c5 8. h3
Bxf3 9. Bxf3 Nc6 10. d3 Qc7 11. Nd2 e5 12. fxe5 Nxe5 13. Rb1 Rfe8 14. Re1 Rad8
15. Nf1 b5 16. Bxe5 Rxe5 17. d4 cxd4 18. Qxd4 Ne4 19. Qd3 Nc3 20. Ra1 Rde8 21.
a3 R5e7 22. Rac1 Qc6 23. Kh2 Bh6 24. b4 Qc4 25. Nd2 Qxd3 26. cxd3 d4 27. Ne4
Nxe4 28. dxe4 Bxe3 29. Rc5 Re5 30. Rc7 R8e7 31. Rc8+ Kg7 32. Rd8 Rc7 33. Rd1
Rc3 34. R1xd4 Bxd4 35. Rxd4 Rxa3 36. Kg1 a5 37. bxa5 Rxa5 38. Bd1 Ra1 39. Kf2
Rxd1 40. Rxd1 Rxe4 41. Rb1 Re5 42. Kf3 Kf6 43. Rb2 h5 44. h4 Ke6 45. Kf4 Kd6
46. g3 Rf5+ 47. Ke4 Kc5 48. Rb1 Kc4 49. Rc1+ Kb3 50. Rb1+ Kc2 51. Rb4 Kc3 0-1

[Event "Bad Wörishofen op 2012 28th"]
[Site "Bad Wörishofen (2.3.-10.3)"]
[Date "2012.03.04"]
[Round "3.30"]
[White "Walda, Michael"]
[Black "Kugelmann, Werner"]
[Result "0-1"]
[WhiteElo "1831"]
[BlackElo "2091"]
[PlyCount "152"]
[EventDate "2012.03.??"]
[EventType "swiss"]
[EventRounds "9"]
[EventCountry "GER"]
[SourceDate "2013.02.18"]
[WhiteTeam "Niederräder TG"]
[BlackTeam "Wertingen TSV"]

1. e4 c5 2. Nf3 Nc6 3. c4 g6 4. d4 cxd4 5. Nxd4 Bg7 6. Be3 Nf6 7. Nc3 d6 8. Be2
O-O 9. O-O Bd7 10. Qd2 a6 11. f3 Rc8 12. Rac1 Re8 13. Rfd1 Nxd4 14. Bxd4 Bc6
15. Qe3 Qa5 16. a3 Qh5 17. b4 e5 18. Bb6 Bh6 19. f4 exf4 20. Qd3 Qg5 21. Bf3
Nd7 22. h4 Qe7 23. Bf2 Ne5 24. Nd5 Nxd3 25. Nxe7+ Rxe7 26. Rxd3 Bxe4 27. Rxd6
Bxf3 28. gxf3 Bg7 29. Bd4 Bxd4+ 30. Rxd4 Re3 31. Rd7 Rxf3 32. Rxb7 Rxa3 33. c5
Re3 34. c6 Re5 35. c7 Kg7 36. Rd1 Re7 37. Rc1 h6 38. Kf2 g5 39. Kf3 Re3+ 40.
Kg4 Kg6 41. Rc6+ Re6 42. h5+ Kf6 43. Rc5 Ke7 44. Ra7 Rf6 45. Kf3 Rb6 46. Rc4 f5
47. Ke2 Ke6 48. Rc5 g4 49. Ra5 Rxb4 50. R5xa6+ Kd5 51. Rxh6 Re8+ 52. Kd2 f3 53.
Ra5+ Ke4 54. Re6+ Rxe6 55. c8=Q Rd4+ 56. Kc3 Rd3+ 57. Kc2 Rdd6 58. Qc4+ Ke3 59.
Rxf5 Rc6 60. Rc5 f2 61. Qd3+ Kf4 62. Rxc6 Rxc6+ 63. Kd1 Re6 64. Kd2 Re1 65.
Qd4+ Kg3 66. Qd6+ Kh3 67. Qd3+ g3 68. h6 f1=Q 69. Qd7+ Kh2 70. h7 Qf2+ 71. Kd3
Rd1+ 72. Ke4 Rxd7 73. h8=Q+ Kg2 74. Qc8 Qf3+ 75. Ke5 Qd5+ 76. Kf6 Rd6+ 0-1

[Event "Bad Wörishofen op 2012 28th"]
[Site "Bad Wörishofen (2.3.-10.3)"]
[Date "2012.03.04"]
[Round "3.31"]
[White "Kozlov, Alexander"]
[Black "Guggenberger, Guido"]
[Result "1-0"]
[WhiteElo "2128"]
[BlackElo "1950"]
[PlyCount "49"]
[EventDate "2012.03.??"]
[EventType "swiss"]
[EventRounds "9"]
[EventCountry "GER"]
[SourceDate "2013.02.18"]
[WhiteTeam "Schwegenheim SC"]
[BlackTeam "München Tarrasch SC"]

1. Nf3 Nf6 2. d4 g6 3. c4 Bg7 4. Nc3 O-O 5. e4 d6 6. Be2 Nbd7 7. O-O e5 8. d5
Kh8 9. Ne1 Ng8 10. Be3 Bh6 11. Bxh6 Nxh6 12. Qd2 Kg7 13. Nd3 f5 14. f4 exf4 15.
exf5 Nxf5 16. Rxf4 Nc5 17. Nxc5 dxc5 18. Raf1 Rf7 19. Ne4 b6 20. Qc3+ Kh6 21.
Qh3+ Kg7 22. g4 Nd6 23. Qc3+ Kg8 24. Rxf7 Nxf7 25. Nf6+ 1-0

[Event "Bad Wörishofen op 2012 28th"]
[Site "Bad Wörishofen (2.3.-10.3)"]
[Date "2012.03.04"]
[Round "3.32"]
[White "Strasser, Josef"]
[Black "Kottenhoff, Roland"]
[Result "1/2-1/2"]
[WhiteElo "1813"]
[BlackElo "1806"]
[PlyCount "68"]
[EventDate "2012.03.??"]
[EventType "swiss"]
[EventRounds "9"]
[EventCountry "GER"]
[SourceDate "2013.02.18"]
[WhiteTeam "München SU"]
[BlackTeam "Bad Salzig Sfr."]

1. e4 e5 2. Nf3 Nc6 3. Nc3 Nf6 4. Bb5 Bb4 5. O-O O-O 6. Re1 Bxc3 7. bxc3 d6 8.
d4 Qe7 9. h3 a6 10. Bd3 b6 11. a4 Re8 12. Qe2 Nd7 13. Bc4 Na5 14. Bg5 Nf6 15.
Bd3 h6 16. Bc1 Nd7 17. Ba3 Qf6 18. Bb2 Nf8 19. Bc1 Ng6 20. d5 Nf4 21. Bxf4 Qxf4
22. g3 Qf6 23. Kg2 g5 24. Nh2 Kg7 25. Rf1 Qg6 26. g4 Rh8 27. Rh1 h5 28. Nf1
hxg4 29. hxg4 Rxh1 30. Kxh1 Bd7 31. Kg2 Rh8 32. Ng3 Rh4 33. Nf5+ Kf8 34. Bxa6
Bxf5 1/2-1/2

[Event "Bad Wörishofen op 2012 28th"]
[Site "Bad Wörishofen (2.3.-10.3)"]
[Date "2012.03.04"]
[Round "3.33"]
[White "Stiller, Patrick Dr"]
[Black "Goris, Ton"]
[Result "1-0"]
[WhiteElo "2146"]
[BlackElo "1943"]
[PlyCount "61"]
[EventDate "2012.03.??"]
[EventType "swiss"]
[EventRounds "9"]
[EventCountry "GER"]
[SourceDate "2013.02.18"]
[WhiteTeam "Ulm Post SV"]
[BlackTeam "NED/Niederlande"]
[BlackTeamCountry "NED"]

1. c4 e5 2. g3 Nf6 3. Bg2 Nc6 4. Nc3 Be7 5. Nf3 d5 6. cxd5 Nxd5 7. Nxe5 Nxc3 8.
Bxc6+ bxc6 9. dxc3 Bb7 10. Qxd8+ Rxd8 11. Be3 f6 12. Nf3 g5 13. h4 g4 14. Nd2
Kf7 15. O-O-O Rd5 16. Nb3 Rhd8 17. Rxd5 cxd5 18. Rd1 h5 19. Bc5 Ba6 20. Bxe7
Kxe7 21. Nc5 Bc8 22. Nd3 Be6 23. Nf4 Bf7 24. Rd4 c5 25. Ra4 Rd7 26. Ra5 Rc7 27.
Kd2 Rb7 28. b3 Rc7 29. Rb5 Kd6 30. Rb8 Ke5 31. Rh8 1-0

[Event "Bad Wörishofen op 2012 28th"]
[Site "Bad Wörishofen (2.3.-10.3)"]
[Date "2012.03.04"]
[Round "3.34"]
[White "Koelbl, Wolfgang"]
[Black "Weisenburger, Horst"]
[Result "0-1"]
[WhiteElo "1896"]
[BlackElo "2100"]
[PlyCount "57"]
[EventDate "2012.03.??"]
[EventType "swiss"]
[EventRounds "9"]
[EventCountry "GER"]
[SourceDate "2013.02.18"]
[WhiteTeam "Klosterlechfeld SK"]
[BlackTeam "Böblingen SC"]

1. d4 f5 2. c4 Nf6 3. Nc3 g6 4. Bg5 Bg7 5. Qd2 c5 6. d5 d6 7. Bh6 Bxh6 8. Qxh6
Qa5 9. Qd2 a6 10. e3 Bd7 11. Nf3 b5 12. Ng5 b4 13. Ne2 h6 14. Ne6 Ne4 15. Qd3
b3+ 16. Nc3 Bxe6 17. dxe6 Nc6 18. f3 Nxc3 19. Qxc3 Qxc3+ 20. bxc3 bxa2 21. Rxa2
Nd8 22. Bd3 Nxe6 23. g4 Rf8 24. gxf5 gxf5 25. Rg1 Ng5 26. Ke2 f4 27. h4 Ne6 28.
Be4 Ra7 29. Raa1 0-1

[Event "Bad Wörishofen op 2012 28th"]
[Site "Bad Wörishofen (2.3.-10.3)"]
[Date "2012.03.04"]
[Round "3.35"]
[White "Daeubler, Heinrich"]
[Black "Remensberger, Hansuli"]
[Result "1/2-1/2"]
[WhiteElo "2049"]
[BlackElo "2018"]
[PlyCount "67"]
[EventDate "2012.03.??"]
[EventType "swiss"]
[EventRounds "9"]
[EventCountry "GER"]
[SourceDate "2013.02.18"]
[WhiteTeam "Amberg Siemens SG"]
[BlackTeam "SUI/Schweiz"]
[BlackTeamCountry "SUI"]

1. d4 e6 2. c4 Nf6 3. Nf3 Bb4+ 4. Nbd2 b6 5. g3 Bb7 6. Bg2 O-O 7. O-O d5 8. Ne5
Nc6 9. Ndf3 Nxe5 10. Nxe5 Be7 11. Qc2 c5 12. dxc5 Bxc5 13. Bg5 Rc8 14. Ng4 Be7
15. Ne3 Ba6 16. Qa4 Bxc4 17. Nxc4 Rxc4 18. Qxa7 h6 19. Be3 Bc5 20. Bxc5 Rxc5
21. b4 Rc6 22. a4 Qd6 23. Rfb1 Rfc8 24. a5 bxa5 25. bxa5 Ra6 26. Rb6 Rxa7 27.
Rxd6 Rca8 28. a6 Ne8 29. Rc6 Nc7 30. e4 Rxa6 31. Rcxa6 Rxa6 32. Rxa6 Nxa6 33.
exd5 exd5 34. Bxd5 1/2-1/2

[Event "Bad Wörishofen op 2012 28th"]
[Site "Bad Wörishofen (2.3.-10.3)"]
[Date "2012.03.04"]
[Round "3.36"]
[White "Fenske, Wolfgang"]
[Black "Dewenter, Ulf"]
[Result "0-1"]
[WhiteElo "1761"]
[BlackElo "2071"]
[PlyCount "70"]
[EventDate "2012.03.??"]
[EventType "swiss"]
[EventRounds "9"]
[EventCountry "GER"]
[SourceDate "2013.02.18"]
[WhiteTeam "Hamburg KSpr. SC"]
[BlackTeam "Borbeck Weiße Dame"]

1. Nf3 g6 2. d4 Bg7 3. c4 Nf6 4. Nc3 d5 5. e3 O-O 6. Be2 c6 7. O-O Bf5 8. b3
Nbd7 9. Bb2 Rc8 10. Rc1 Re8 11. Bd3 Bg4 12. Be2 Qa5 13. c5 Qc7 14. Nd2 Bxe2 15.
Nxe2 b6 16. b4 b5 17. Nb3 e5 18. Re1 e4 19. Nc3 h5 20. h3 Nf8 21. Kh1 Ne6 22.
Ne2 Kh7 23. Ra1 Bh6 24. Bc3 Qd7 25. Rg1 Rg8 26. Bd2 g5 27. g3 Nxd4 28. Kg2 Nf3
29. Rh1 Bg7 30. Bc3 Kg6 31. Nbd4 Nxd4 32. Bxd4 Qf5 33. Nc3 g4 34. h4 Qf3+ 35.
Kh2 Qxf2# 0-1

[Event "Bad Wörishofen op 2012 28th"]
[Site "Bad Wörishofen (2.3.-10.3)"]
[Date "2012.03.04"]
[Round "3.38"]
[White "Mueller, Wolfgang(10.61)"]
[Black "Fehr, Axel Dr"]
[Result "0-1"]
[WhiteElo "1753"]
[BlackElo "2132"]
[PlyCount "62"]
[EventDate "2012.03.??"]
[EventType "swiss"]
[EventRounds "9"]
[EventCountry "GER"]
[SourceDate "2013.02.18"]
[WhiteTeam "Marktoberdorf SK"]
[BlackTeam "SUI/Chur SC(Brackweder SK)"]
[BlackTeamCountry "SUI"]

1. e4 c6 2. d4 d5 3. exd5 cxd5 4. Nf3 Nc6 5. c4 Nf6 6. Nc3 Bg4 7. cxd5 Nxd5 8.
Bc4 e6 9. Bxd5 exd5 10. O-O Be7 11. Qb3 Bxf3 12. gxf3 O-O 13. Be3 Bf6 14. Nxd5
Bxd4 15. Rad1 Bxe3 16. fxe3 Qg5+ 17. Kh1 Rad8 18. Rg1 Qe5 19. Rg2 Kh8 20. f4
Qe4 21. Qc3 f6 22. Qd3 Qe6 23. f5 Qe5 24. e4 Rfe8 25. Rg4 Rd7 26. Rh4 Nb4 27.
Qh3 h6 28. Qf3 Red8 29. Rg4 Nxd5 30. exd5 Rxd5 31. Rgg1 Rd2 0-1

[Event "Bad Wörishofen op 2012 28th"]
[Site "Bad Wörishofen (2.3.-10.3)"]
[Date "2012.03.04"]
[Round "3.39"]
[White "Neumann, Joachim(43)"]
[Black "Gulde, Josef"]
[Result "1/2-1/2"]
[WhiteElo "2015"]
[BlackElo "1905"]
[PlyCount "40"]
[EventDate "2012.03.??"]
[EventType "swiss"]
[EventRounds "9"]
[EventCountry "GER"]
[SourceDate "2013.02.18"]
[WhiteTeam "Neumünster Agon SC"]
[BlackTeam "Krumbach SK"]

1. e4 c5 2. Nf3 Nc6 3. d4 cxd4 4. Nxd4 Nf6 5. Nc3 e5 6. Ndb5 d6 7. Bg5 a6 8.
Na3 b5 9. Bxf6 gxf6 10. Nd5 Bg7 11. c3 O-O 12. Nc2 f5 13. exf5 Bxf5 14. Nce3
Be6 15. Bd3 f5 16. O-O Rb8 17. a3 Ne7 18. Bc2 Nxd5 19. Nxd5 Qd7 20. Qd2 Qf7
1/2-1/2

[Event "Bad Wörishofen op 2012 28th"]
[Site "Bad Wörishofen (2.3.-10.3)"]
[Date "2012.03.04"]
[Round "3.41"]
[White "Perlitz, Heiko"]
[Black "Heinich, Manfred"]
[Result "1/2-1/2"]
[WhiteElo "1540"]
[BlackElo "1939"]
[PlyCount "54"]
[EventDate "2012.03.??"]
[EventType "swiss"]
[EventRounds "9"]
[EventCountry "GER"]
[SourceDate "2013.02.18"]
[WhiteTeam "Memmingen Post SV"]
[BlackTeam "München Blinden SC (DBSB)"]

1. d4 Nf6 2. Nf3 c5 3. e3 g6 4. Bd3 Bg7 5. O-O b6 6. Nbd2 Bb7 7. Re1 O-O 8. c3
d6 9. a4 Nbd7 10. Qc2 Rc8 11. b3 e5 12. dxe5 Nxe5 13. Nxe5 dxe5 14. Bb2 Qd7 15.
Be4 Nxe4 16. Nxe4 f5 17. Nd2 e4 18. Rad1 Qe7 19. Nb1 f4 20. exf4 Rf5 21. Re2
Rcf8 22. Rde1 Qe6 23. Na3 Qc6 24. Nb1 c4 25. b4 R5f7 26. Bc1 Qf6 27. Bb2 Rd8
1/2-1/2

[Event "Bad Wörishofen op 2012 28th"]
[Site "Bad Wörishofen (2.3.-10.3)"]
[Date "2012.03.04"]
[Round "3.42"]
[White "Schreib, Marc"]
[Black "Mircoli, Filippo"]
[Result "1-0"]
[WhiteElo "1741"]
[BlackElo "1491"]
[PlyCount "47"]
[EventDate "2012.03.??"]
[EventType "swiss"]
[EventRounds "9"]
[EventCountry "GER"]
[SourceDate "2013.02.18"]
[WhiteTeam "Deisenhofen SF"]
[BlackTeam "ITA/Italien"]
[BlackTeamCountry "ITA"]

1. d4 e6 2. Nf3 d5 3. c4 Nf6 4. e3 Bb4+ 5. Bd2 Be7 6. Nc3 O-O 7. Bd3 c5 8. dxc5
Bxc5 9. cxd5 Nxd5 10. Nxd5 Qxd5 11. Qc2 f5 12. Bc4 Qd6 13. O-O Nc6 14. g3 Bb6
15. Rab1 Qe7 16. b4 Bd7 17. b5 Na5 18. Bb4 Qf6 19. Bxf8 Nxc4 20. Bxg7 Qxg7 21.
Qxc4 Rc8 22. Qd3 Be8 23. Qd6 Bf7 24. Rbc1 1-0

[Event "Bad Wörishofen op 2012 28th"]
[Site "Bad Wörishofen (2.3.-10.3)"]
[Date "2012.03.04"]
[Round "3.43"]
[White "Hornung, Hans Dr"]
[Black "Gerhards, Walter"]
[Result "1-0"]
[WhiteElo "2077"]
[BlackElo "1805"]
[PlyCount "89"]
[EventDate "2012.03.??"]
[EventType "swiss"]
[EventRounds "9"]
[EventCountry "GER"]
[SourceDate "2013.02.18"]
[WhiteTeam "Klosterlechfeld SK"]
[BlackTeam "Ratinger SK"]

1. Nf3 Nf6 2. c4 e6 3. Nc3 d5 4. d4 Be7 5. Bg5 O-O 6. e3 Nbd7 7. cxd5 Nxd5 8.
Bxe7 Qxe7 9. Bd3 c5 10. O-O Nxc3 11. bxc3 e5 12. Qc2 g6 13. Rae1 Qd6 14. Bb5
exd4 15. cxd4 cxd4 16. Nxd4 a6 17. Be2 Ne5 18. Rc1 Bg4 19. Bxg4 Nxg4 20. Qc7
Qd5 21. h3 Nf6 22. Qb6 Nd7 23. Qb2 Rac8 24. Nf3 b5 25. Rfd1 Rxc1 26. Qxc1 Qb7
27. e4 Nb6 28. e5 Kg7 29. Qg5 Nd5 30. Nd4 Kh8 31. e6 f6 32. Qh4 Qe7 33. Re1 Rc8
34. Qe4 Nc3 35. Qf3 Nxa2 36. Nc6 Qg7 37. Qd5 Qc7 38. e7 Re8 39. Qf7 Qc8 40.
Qxf6+ Kg8 41. Re6 Nc3 42. Nd8 Ne2+ 43. Kh2 Nd4 44. Qf7+ Kh8 45. Qxe8+ 1-0

[Event "Bad Wörishofen op 2012 28th"]
[Site "Bad Wörishofen (2.3.-10.3)"]
[Date "2012.03.04"]
[Round "3.44"]
[White "Sibler, Sebastian"]
[Black "Lodes, Hermann"]
[Result "0-1"]
[WhiteElo "1895"]
[BlackElo "2060"]
[PlyCount "78"]
[EventDate "2012.03.??"]
[EventType "swiss"]
[EventRounds "9"]
[EventCountry "GER"]
[SourceDate "2013.02.18"]
[WhiteTeam "Mülheim-Nord SV"]
[BlackTeam "GER/Burgsinn SF"]
[BlackTeamCountry "GER"]

1. d4 d5 2. c4 c6 3. Nf3 Nf6 4. cxd5 cxd5 5. Nc3 g6 6. h3 Bg7 7. Qb3 O-O 8. Bf4
Nc6 9. e3 a6 10. Rc1 Na5 11. Qb4 Nc6 12. Qc5 e6 13. Bd3 Re8 14. Na4 Nd7 15. Qd6
Qa5+ 16. Nc3 e5 17. dxe5 Ndxe5 18. Nxe5 Nxe5 19. Be2 d4 20. Qd5 Qb4 21. Bxe5
Bxe5 22. exd4 Bf4 23. Rd1 Qxb2 24. Qf3 Bd6 25. Rb1 Rxe2+ 26. Qxe2 Qxc3+ 27. Qd2
Qxd2+ 28. Kxd2 Bf4+ 29. Kc3 b5 30. Rhe1 Be6 31. Rb2 Rc8+ 32. Kb4 Rc4+ 33. Ka5
Rc6 34. Rd1 Bc7+ 35. Kb4 Rc4+ 36. Ka3 Bd6+ 37. Kb3 Rc1+ 38. d5 Rxd1 39. dxe6
fxe6 0-1

[Event "Bad Wörishofen op 2012 28th"]
[Site "Bad Wörishofen (2.3.-10.3)"]
[Date "2012.03.04"]
[Round "3.45"]
[White "Wilke, Oliver"]
[Black "Astengo, Corrado"]
[Result "0-1"]
[WhiteElo "1729"]
[BlackElo "2098"]
[PlyCount "86"]
[EventDate "2012.03.??"]
[EventType "swiss"]
[EventRounds "9"]
[EventCountry "GER"]
[SourceDate "2013.02.18"]
[WhiteTeam "Mörlenbach-Birkenau FB"]
[BlackTeam "ITA/Italien Milanese"]
[BlackTeamCountry "ITA"]

1. d4 d5 2. c4 c6 3. Nf3 e6 4. Nc3 dxc4 5. a4 Bb4 6. Bd2 Nf6 7. e3 b5 8. axb5
Bxc3 9. Bxc3 cxb5 10. Ne5 Bb7 11. b3 a5 12. bxc4 b4 13. Qa4+ Nbd7 14. Bd2 Qc7
15. c5 O-O 16. c6 Nb6 17. cxb7 Nxa4 18. bxa8=Q Rxa8 19. Rxa4 Qc2 20. Ra1 Ne4
21. Rd1 Nxd2 22. Rxd2 Qc1+ 23. Rd1 Qc3+ 24. Rd2 b3 25. Bd3 a4 26. Nc4 Rc8 27.
Nb6 a3 28. Nxc8 a2 29. Ke2 b2 30. Rc2 Qb3 31. Nd6 g6 32. Nc4 a1=Q 33. Rxb2
Qbxb2+ 34. Nxb2 Qxh1 35. Kf3 Qxh2 36. Nc4 Qh5+ 37. Kg3 Qd1 38. Be4 f6 39. Na5
g5 40. Bf3 Qh1 41. Be4 f5 42. Bc6 Qh4+ 43. Kf3 Qg4# 0-1

[Event "Bad Wörishofen op 2012 28th"]
[Site "Bad Wörishofen (2.3.-10.3)"]
[Date "2012.03.04"]
[Round "3.46"]
[White "Klamp, Christoph"]
[Black "Klaus, Daniel(64)"]
[Result "1/2-1/2"]
[WhiteElo "2024"]
[BlackElo "1894"]
[PlyCount "35"]
[EventDate "2012.03.??"]
[EventType "swiss"]
[EventRounds "9"]
[EventCountry "GER"]
[SourceDate "2013.02.18"]
[WhiteTeam "Darmstadt Schachforum SV"]
[BlackTeam "Möglingen SF"]

1. e4 c5 2. Nf3 e6 3. d4 cxd4 4. Nxd4 a6 5. Nc3 Qc7 6. Bd3 Nf6 7. O-O Nc6 8.
Nxc6 dxc6 9. Qe2 e5 10. Kh1 Bg4 11. Qe1 Bd6 12. Bg5 Nd7 13. Bc4 b5 14. Bb3 Nc5
15. f4 Nxb3 16. axb3 f6 17. fxe5 Bxe5 18. Bh4 1/2-1/2

[Event "Bad Wörishofen op 2012 28th"]
[Site "Bad Wörishofen (2.3.-10.3)"]
[Date "2012.03.04"]
[Round "3.47"]
[White "Bartels, Holger"]
[Black "Ries, Berthold"]
[Result "1-0"]
[WhiteElo "2046"]
[BlackElo "1833"]
[PlyCount "107"]
[EventDate "2012.03.??"]
[EventType "swiss"]
[EventRounds "9"]
[EventCountry "GER"]
[SourceDate "2013.02.18"]
[WhiteTeam "Hamburg Diogenes SC"]
[BlackTeam "Ebersberg"]

1. e4 c5 2. Nf3 d6 3. d4 cxd4 4. Nxd4 Nf6 5. f3 e5 6. Nb3 d5 7. Bg5 Be6 8. exd5
Qxd5 9. Qxd5 Nxd5 10. a3 Nc6 11. c4 Nb6 12. N1d2 Na4 13. O-O-O h6 14. Be3 b6
15. Be2 f5 16. f4 e4 17. g4 g6 18. gxf5 Bxf5 19. Nd4 Bc5 20. N2b3 Nxd4 21. Nxd4
a5 22. Kc2 Rg8 23. b3 Bxd4 24. Bxd4 Nc5 25. Bxc5 bxc5 26. Rd5 Rc8 27. Kc3 Ke7
28. Rhd1 Rge8 29. Re5+ Kf7 30. Rxe8 Kxe8 31. Rd5 Ke7 32. b4 axb4+ 33. axb4
cxb4+ 34. Kxb4 Rb8+ 35. Kc3 Rb1 36. Rd1 Rb7 37. h4 Ra7 38. Kd4 Ra2 39. Re1 h5
40. Bf3 Rh2 41. Bxe4 Bxe4 42. Rxe4+ Kf6 43. c5 Kf5 44. Kd5 Rd2+ 45. Rd4 Rc2 46.
c6 Kg4 47. Rc4 Ra2 48. c7 Ra5+ 49. Rc5 Ra8 50. c8=Q+ Rxc8 51. Rxc8 Kxf4 52. Rg8
Kg4 53. Rxg6+ Kxh4 54. Ke4 1-0

[Event "Bad Wörishofen op 2012 28th"]
[Site "Bad Wörishofen (2.3.-10.3)"]
[Date "2012.03.04"]
[Round "3.48"]
[White "Buchaeckert, Juergen"]
[Black "Roemhild, Marcus"]
[Result "0-1"]
[WhiteElo "1816"]
[BlackElo "2048"]
[PlyCount "86"]
[EventDate "2012.03.??"]
[EventType "swiss"]
[EventRounds "9"]
[EventCountry "GER"]
[SourceDate "2013.02.18"]
[WhiteTeam "Ludwigshafen 1912 SK"]
[BlackTeam "Lippstadt Turm LSV"]

1. e4 g6 2. d4 Bg7 3. Nc3 c5 4. dxc5 Qa5 5. Bd2 Qxc5 6. Nd5 Kd8 7. Bb4 Qc6 8.
Bc3 Bxc3+ 9. Nxc3 Nf6 10. Qd4 Qb6 11. O-O-O Qxd4 12. Rxd4 Nc6 13. Rd2 a6 14. f4
b5 15. Bd3 Bb7 16. Nf3 Nb4 17. Rhd1 Ke8 18. e5 Nh5 19. Be4 Nxa2+ 20. Nxa2 Bxe4
21. Rxd7 Nxf4 22. Nc3 Bf5 23. R7d2 Kf8 24. g3 Ne6 25. Nd5 Ra7 26. Ne3 Be4 27.
Nd4 Nxd4 28. Rxd4 Bc6 29. h4 Kg7 30. h5 Rc7 31. Rf1 Rhc8 32. e6 fxe6 33. hxg6
hxg6 34. Rdf4 Be8 35. Rh4 Rc5 36. g4 g5 37. Rh2 Bg6 38. Rd1 Re5 39. Nf1 Re4 40.
Rf2 b4 41. Rd7 Rf4 42. Rxe7+ Kf6 43. Rxf4+ gxf4 0-1

[Event "Bad Wörishofen op 2012 28th"]
[Site "Bad Wörishofen (2.3.-10.3)"]
[Date "2012.03.04"]
[Round "3.49"]
[White "Koenig, Falk"]
[Black "Haugg, Gerhard(63)"]
[Result "1-0"]
[WhiteElo "1949"]
[BlackElo "1812"]
[PlyCount "69"]
[EventDate "2012.03.??"]
[EventType "swiss"]
[EventRounds "9"]
[EventCountry "GER"]
[SourceDate "2013.02.18"]
[WhiteTeam "Vonkeln SF"]
[BlackTeam "Kötz/Ichenhausen Spgem"]

1. e4 e6 2. d4 d5 3. Nc3 Nf6 4. e5 Nfd7 5. Nce2 c5 6. c3 Nc6 7. f4 Be7 8. Nf3
cxd4 9. cxd4 Qa5+ 10. Nc3 Bb4 11. Bd2 Qb6 12. a3 Be7 13. Na4 Qc7 14. b4 a6 15.
Rc1 b5 16. Nc5 Nb6 17. Bd3 Nc4 18. Qb3 O-O 19. Bb1 Bxc5 20. Qd3 g6 21. bxc5
Nxd2 22. Qxd2 Qa5 23. Rc3 b4 24. axb4 Qxb4 25. O-O Bd7 26. Rd1 Rfd8 27. f5 f6
28. Qh6 Be8 29. exf6 Ra7 30. Re3 Qa4 31. Rde1 Nxd4 32. fxg6 Nxf3+ 33. Rxf3 Qd4+
34. Kh1 Bf7 35. Qg7# 1-0